Normal view
MARC view
- البحث العلمي - الابحاث
Entry Topical Term
001 - CONTROL NUMBER
- control field: 27784
003 - CONTROL NUMBER IDENTIFIER
- control field: JO-AjAnu
005 - DATE AND TIME OF LATEST TRANSACTION
- control field: 20230606074721.0
008 - FIXED-LENGTH DATA ELEMENTS
- fixed length control field: 230606|| aca||aabn | a|a d
040 ## - CATALOGING SOURCE
- Original cataloging agency: JO-AjAnu
- Transcribing agency: JO-AjAnu
150 ## - HEADING--TOPICAL TERM
- Topical term or geographic name entry element: البحث العلمي - الابحاث
670 ## - SOURCE DATA FOUND
- Source citation: Work cat.: (JO-AjAnu)14266: باشيوة، لحسن عبدالله/ م . مشارك نزار عبد المجيد البراوي، عدنان هاشم السامرائي , author 27783, البحث العلمي: مفاهيم-اساليب-تطبيقات